[Event "BCF-chT2 2223 (4NCL)"]
[Site "England"]
[Date "2023.02.11"]
[Round "5.68"]
[White "Pozimski, Szymon"]
[Black "Ratnesan, Radha"]
[Result "1-0"]
[WhiteElo "1968"]
[BlackElo "1655"]
[PlyCount "77"]
[EventDate "2022.10.22"]
[EventType "team-tourn"]
[EventRounds "11"]
[EventCountry "ENG"]
[SourceTitle "EXT 2024"]
[Source "ChessBase"]
[SourceDate "2023.10.10"]
[SourceVersion "1"]
[SourceVersionDate "2023.10.10"]
[SourceQuality "1"]
[WhiteTeam "Oxford"]
[BlackTeam "KJCA Kings"]
[WhiteTeamCountry "ENG"]
[BlackTeamCountry "ENG"]

1. c4 Nf6 2. Nc3 e6 3. Nf3 d5 4. e3 Be7 5. b3 0-0 6. Bb2 c5 7. cxd5 exd5 8. d4 Bg4 9. Be2 Nc6 10. dxc5 Bxc5 11. 0-0 Qd7 12. Rc1 Bb6 13. Na4 Ne4 14. Nxb6 axb6 15. a4 Rac8 16. Nd4 Bxe2 17. Nxe2 Rfd8 18. Qd3 Nc5 19. Qb5 Ne7 20. Qxb6 Rc6 21. Qb5 Ne6 22. Nd4 Nxd4 23. Bxd4 Rxc1 24. Rxc1 Qxb5 25. axb5 Rd7 26. Kf1 f6 27. Ke2 Kf7 28. Kd3 Nf5 29. Bc5 Ke6 30. g4 Nd6 31. Bxd6 Rxd6 32. Kd4 Rd7 33. Rc5 g6 34. f4 h6 35. Rc8 h5 36. gxh5 gxh5 37. Rh8 Rg7 38. Rxh5 Rd7 39. h4 1-0

[Event "Hammersmith CC op"]
[Site "London"]
[Date "2022.06.05"]
[Round "5"]
[White "Ratnesan, Radha"]
[Black "Moss, Thomas D"]
[Result "0-1"]
[WhiteElo "1712"]
[BlackElo "1642"]
[PlyCount "81"]
[EventDate "2022.06.04"]
[EventType "swiss"]
[EventRounds "6"]
[EventCountry "ENG"]
[SourceTitle "CBM 208 Extra"]
[Source "ChessBase"]
[SourceDate "2022.07.31"]
[SourceVersion "1"]
[SourceVersionDate "2022.07.31"]
[SourceQuality "1"]

1. d4 g6 2. c4 Bg7 3. Nc3 d6 4. e4 e5 5. d5 a5 6. Be2 Ne7 7. Nf3 h6 8. Bd2 f5 9. Qc2 Na6 10. exf5 gxf5 11. g3 Ng6 12. 0-0-0 Qf6 13. Be3 b6 14. a3 Bd7 15. h4 Nc5 16. h5 Ne7 17. Nh4 a4 18. Bxc5 bxc5 19. Nb5 Bxb5 20. cxb5 Kf7 21. Bd3 e4 22. Bc4 Rhe8 23. Ng2 Nc8 24. Nf4 Nb6 25. Ba2 Re5 26. Ng6 Nd7 27. Nxe5+ Nxe5 28. Rd2 Nf3 29. Rdd1 Rb8 30. Bc4 Nd4 31. Qc3 Qd8 32. Qa5 Ra8 33. Qe1 Nf3 34. Qe2 Nd4 35. Qe1 Bf6 36. Kb1 Qb8 37. Qf1 Ra5 38. Qe1 Nxb5 39. Bxb5 Rxb5 40. Rd2 Rxb2+ 41. Ka1 0-1

[Event "BCF-chT 2122 (4NCL)"]
[Site "England"]
[Date "2022.02.13"]
[Round "4.28"]
[White "Ratnesan, Radha"]
[Black "Kalaiyalahan, Akshaya"]
[Result "0-1"]
[WhiteElo "1512"]
[BlackElo "2150"]
[PlyCount "102"]
[EventDate "2021.11.27"]
[EventType "team-swiss"]
[EventRounds "11"]
[EventCountry "ENG"]
[SourceTitle "EXT 2023"]
[Source "ChessBase"]
[SourceDate "2022.10.05"]
[SourceVersion "1"]
[SourceVersionDate "2022.10.05"]
[SourceQuality "1"]
[WhiteTeam "Barbican"]
[BlackTeam "Guildford Young Guns"]
[WhiteTeamCountry "ENG"]
[BlackTeamCountry "ENG"]

1. d4 d5 2. Nf3 Nf6 3. Bf4 c5 4. e3 Nc6 5. c3 e6 6. Bd3 Bd6 7. Bg3 0-0 8. Nbd2 a6 9. a4 Re8 10. 0-0 Bxg3 11. hxg3 b6 12. Re1 Bb7 13. Ne5 Nxe5 14. dxe5 Nd7 15. f4 Nf8 16. Nf3 Qd7 17. Bc2 Red8 18. e4 dxe4 19. Qxd7 Rxd7 20. Bxe4 Bxe4 21. Rxe4 h6 22. Re2 Rad8 23. Kf2 Ng6 24. Ke1 Ne7 25. Nd2 Nf5 26. Ne4 a5 27. Rb1 h5 28. Kf2 Kh7 29. Rh1 Kg6 30. Ng5 Nh6 31. Rc1 Rd1 32. Rxd1 Rxd1 33. Rc2 Ra1 34. Ne4 Rxa4 35. Nd6 Ra2 36. Ke2 Nf5 37. Kf2 a4 38. Nb5 Ne7 39. Kf3 Nd5 40. Ke4 Ra1 41. Re2 Rd1 42. c4 Ne7 43. Nd6 Rd4+ 44. Kf3 Nf5 45. Nc8 Rxc4 46. Kf2 Rb4 47. Rd2 Rb3 48. Nd6 Nxg3 49. Rc2 h4 50. Rd2 Nh5 51. f5+ exf5 0-1

[Event "BCF-chT 2122 (4NCL)"]
[Site "England"]
[Date "2022.02.12"]
[Round "3.48"]
[White "Ratnesan, Radha"]
[Black "Horton, Jamie A"]
[Result "1/2-1/2"]
[WhiteElo "1512"]
[BlackElo "2209"]
[PlyCount "81"]
[EventDate "2021.11.27"]
[EventType "team-swiss"]
[EventRounds "11"]
[EventCountry "ENG"]
[SourceTitle "EXT 2023"]
[Source "ChessBase"]
[SourceDate "2022.10.05"]
[SourceVersion "1"]
[SourceVersionDate "2022.10.05"]
[SourceQuality "1"]
[WhiteTeam "Barbican"]
[BlackTeam "Wood Green Youth"]
[WhiteTeamCountry "ENG"]
[BlackTeamCountry "ENG"]

1. d4 Nf6 2. c4 e6 3. Nf3 d5 4. Bg5 Be7 5. e3 0-0 6. Nc3 h6 7. Bh4 b6 8. cxd5 Nxd5 9. Bxe7 Qxe7 10. Nxd5 exd5 11. Bd3 Be6 12. 0-0 c5 13. a4 Nd7 14. Qd2 Rfc8 15. Rfc1 c4 16. Bc2 a6 17. e4 dxe4 18. Bxe4 Rab8 19. d5 Bg4 20. Re1 Qd6 21. h3 Bxf3 22. Bxf3 Rd8 23. Qd4 Rbc8 24. Rec1 Qc5 25. Qxc5 Rxc5 26. Rd1 Nf6 27. d6 Ne8 28. d7 Nf6 29. Bb7 Rxd7 30. Rxd7 Nxd7 31. Bxa6 Ne5 32. Rd1 c3 33. bxc3 Rxc3 34. Bb5 Rc7 35. Rd6 Rb7 36. f4 Ng6 37. Bd3 Nf8 38. Rd8 g6 39. Bb5 Kg7 40. Bc6 Rc7 41. Bb5 1/2-1/2

[Event "Hastings Masters op 95th"]
[Site "Hastings"]
[Date "2019.12.30"]
[Round "3"]
[White "Ratnesan, Radha"]
[Black "Varney, Zoe"]
[Result "1-0"]
[WhiteElo "1477"]
[BlackElo "2004"]
[PlyCount "63"]
[EventDate "2019.12.28"]
[EventType "swiss"]
[EventRounds "9"]
[EventCountry "ENG"]
[SourceTitle "CBM 194 Extra"]
[Source "ChessBase"]
[SourceDate "2020.03.31"]
[SourceVersion "1"]
[SourceVersionDate "2020.03.31"]
[SourceQuality "1"]

1. d4 d5 2. c4 e6 3. Nf3 Nf6 4. e3 c6 5. b3 Nbd7 6. Bb2 Bd6 7. Bd3 0-0 8. 0-0 Qe7 9. Ne5 c5 10. Nd2 b6 11. Qe2 Bb7 12. Ndf3 Ne4 13. Rac1 Nb8 14. Bb1 f5 15. Nd2 cxd4 16. exd4 Nxd2 17. Qxd2 Rf6 18. f4 Rh6 19. cxd5 Bxd5 20. Rc8+ Qf8 21. Rxf8+ Bxf8 22. h3 Nc6 23. Nxc6 Bxc6 24. Rf2 Be7 25. Qc3 Bd5 26. Bd3 Rf8 27. Bc4 Be4 28. Bd3 Bd5 29. Qc7 Bh4 30. Re2 Bg3 31. Bc4 Rf7 32. Qd6 1-0

[Event "ENG-ch rapid (Women)"]
[Site "London"]
[Date "2019.12.07"]
[Round "5"]
[White "Pham, Clemence"]
[Black "Ratnesan, Radha"]
[Result "1/2-1/2"]
[WhiteElo "1292"]
[BlackElo "1465"]
[PlyCount "124"]
[EventDate "2019.12.07"]
[EventType "swiss (rapid)"]
[EventRounds "7"]
[EventCountry "ENG"]
[SourceTitle "CBM 195 Extra"]
[Source "ChessBase"]
[SourceDate "2020.05.31"]
[SourceVersion "1"]
[SourceVersionDate "2020.05.31"]
[SourceQuality "1"]

1. e4 e6 2. Nc3 d5 3. Nf3 c5 4. exd5 exd5 5. Bb5+ Bd7 6. Qe2+ Ne7 7. Nxd5 a6 8. Bxd7+ Nxd7 9. 0-0 Nb6 10. Nxe7 Bxe7 11. Re1 Nd5 12. c4 Nb4 13. Qe4 Qd7 14. Ne5 Qc7 15. a3 Nc6 16. Nxc6 bxc6 17. d3 Ra7 18. Bf4 Qd7 19. Re2 0-0 20. Qxe7 Qxe7 21. Rxe7 Rxe7 22. Bd6 Rfe8 23. Bxe7 Rxe7 24. Kf1 f6 25. Re1 Rb7 26. Re2 Kf7 27. f3 Rb3 28. Rd2 Ke6 29. Ke2 g5 30. Ke3 Kf5 31. g4+ Ke5 32. h3 h6 33. Rf2 a5 34. f4+ gxf4+ 35. Rxf4 Rxb2 36. Rf5+ Ke6 37. Rxc5 Rh2 38. Rxa5 Rxh3+ 39. Ke4 Rh4 40. Kf4 Rh3 41. d4 Rd3 42. d5+ cxd5 43. cxd5+ Ke7 44. Ke4 Rd1 45. Ra7+ Kd6 46. Ra6+ Kd7 47. Rxf6 Rh1 48. a4 Rh4 49. Kf4 h5 50. a5 Rxg4+ 51. Kf5 Ra4 52. a6 h4 53. Rh6 Ra5 54. Rh7+ Kd6 55. a7 Kxd5 56. Kg4 Ra4+ 57. Kf3 Ke5 58. Rxh4 Rxa7 59. Rh5+ Kd4 60. Rh4+ Kd3 61. Rf4 Ra1 62. Kf2 Ra2+ 1/2-1/2

[Event "ENG-ch rapid (Women)"]
[Site "London"]
[Date "2019.12.07"]
[Round "3"]
[White "Volovich, Julia"]
[Black "Ratnesan, Radha"]
[Result "1-0"]
[WhiteElo "1574"]
[BlackElo "1465"]
[PlyCount "119"]
[EventDate "2019.12.07"]
[EventType "swiss (rapid)"]
[EventRounds "7"]
[EventCountry "ENG"]
[SourceTitle "CBM 195 Extra"]
[Source "ChessBase"]
[SourceDate "2020.05.31"]
[SourceVersion "1"]
[SourceVersionDate "2020.05.31"]
[SourceQuality "1"]

1. d4 Nf6 2. c4 e6 3. Nc3 Bb4 4. Qc2 b6 5. Bg5 Bb7 6. f3 d5 7. e3 Nbd7 8. cxd5 exd5 9. Bd3 h6 10. Bh4 Qe7 11. Bf2 0-0 12. Nge2 Rac8 13. 0-0 c5 14. a3 Bxc3 15. Nxc3 c4 16. Be2 a6 17. a4 Nb8 18. b3 Qb4 19. bxc4 Rc7 20. Rab1 Qd6 21. Bg3 Qd7 22. Bxc7 Qxc7 23. Qb2 Nbd7 24. a5 dxc4 25. axb6 Qc6 26. Qb4 a5 27. Qxa5 Ra8 28. Qb4 Rc8 29. Rfc1 Nb8 30. Nd1 Ba6 31. b7 Rc7 32. Qb6 Qxb6 33. Rxb6 Rxb7 34. Rxb7 Bxb7 35. Rb1 Nbd7 36. Rxb7 Kf8 37. Bxc4 Ke7 38. Nc3 Kd6 39. Ne4+ Kc6 40. Nxf6 Kxb7 41. Nxd7 Kc6 42. Ne5+ Kd6 43. Nxf7+ Ke7 44. Nxh6 gxh6 45. Kf2 Kf6 46. Kg3 Kg6 47. d5 Kf7 48. e4 Ke7 49. e5 Kd7 50. d6 Kd8 51. e6 Ke8 52. Kf4 Kd8 53. Ke5 Ke8 54. e7 Kd7 55. Bb5+ Kc8 56. d7+ Kc7 57. d8Q+ Kb7 58. e8Q h5 59. Qc6+ Ka7 60. Qda8# 1-0

[Event "Basingstoke 4NCL Spring Bank 2nd U2050"]
[Site "Basingstoke"]
[Date "2019.05.27"]
[Round "7"]
[White "Cooper, Malcolm H"]
[Black "Ratnesan, Radha"]
[Result "1-0"]
[WhiteElo "1925"]
[BlackElo "1512"]
[PlyCount "103"]
[EventDate "2019.05.24"]
[EventType "swiss"]
[EventRounds "7"]
[EventCountry "ENG"]
[SourceTitle "EXT 2020"]
[Source "ChessBase"]
[SourceDate "2019.10.17"]
[SourceVersion "1"]
[SourceVersionDate "2019.10.17"]
[SourceQuality "1"]

1. d4 Nf6 2. c4 e6 3. Nf3 b6 4. g3 Bb7 5. Bg2 Be7 6. 0-0 0-0 7. Nc3 d5 8. b3 Nbd7 9. Bb2 Rc8 10. Ne5 Nxe5 11. dxe5 Nd7 12. cxd5 exd5 13. Nxd5 c6 14. Nxe7+ Qxe7 15. Qd6 Rfe8 16. Qxe7 Rxe7 17. f4 Ba6 18. Rfe1 Nc5 19. Rad1 Rd7 20. Rxd7 Nxd7 21. Bh3 Rc7 22. Rd1 Bc8 23. e6 fxe6 24. Bxe6+ Kf8 25. e4 g6 26. e5 Ke7 27. Bh3 c5 28. Kf2 Nf8 29. Bxc8 Rxc8 30. Ke3 Ne6 31. Rd2 Rd8 32. Rxd8 Nxd8 33. g4 Nf7 34. Ke4 Nh6 35. h3 Ke6 36. Bc1 a6 37. Be3 a5 38. a3 Ng8 39. f5+ gxf5+ 40. gxf5+ Ke7 41. Bg5+ Kd7 42. Kd5 h6 43. Bh4 Ke8 44. Ke6 Kf8 45. f6 h5 46. Bg5 a4 47. bxa4 c4 48. f7 c3 49. fxg8Q+ Kxg8 50. Kd7 c2 51. e6 h4 52. e7 1-0

[Event "Stevenage 4NCL Easter op U1825"]
[Site "Stevenage"]
[Date "2019.04.21"]
[Round "5.10"]
[White "Ratnesan, Radha"]
[Black "Jones, Zebedee"]
[Result "1-0"]
[WhiteElo "1418"]
[BlackElo "1412"]
[PlyCount "75"]
[EventDate "2019.04.19"]
[EventType "swiss"]
[EventRounds "7"]
[EventCountry "ENG"]
[SourceTitle "EXT 2023"]
[Source "ChessBase"]
[SourceDate "2022.10.05"]
[SourceVersion "1"]
[SourceVersionDate "2022.10.05"]
[SourceQuality "1"]

1. d4 Nf6 2. c4 e6 3. Nf3 d5 4. e3 Be7 5. Nc3 0-0 6. Bd3 b6 7. 0-0 Bb7 8. Qc2 dxc4 9. Bxc4 c5 10. Qe2 Nbd7 11. Rd1 Rc8 12. Ba6 Qc7 13. Bxb7 Qxb7 14. e4 cxd4 15. Rxd4 Bc5 16. Rd1 e5 17. Bg5 Rfe8 18. Rac1 Bb4 19. Nd5 Nxd5 20. Rxc8 Rxc8 21. exd5 f6 22. Be3 Bd6 23. Nh4 g6 24. Qg4 Nf8 25. Nf5 Qd7 26. Nh6+ Kg7 27. Qh4 Bc5 28. Ng4 Qf5 29. Bh6+ Kf7 30. Bxf8 Bxf8 31. Qxh7+ Ke8 32. Nh6 Bxh6 33. Qxh6 Rc2 34. Qh8+ Kf7 35. Qh4 Qd3 36. Qh7+ Kf8 37. Qh6+ Kf7 38. Rxd3 1-0

[Event "Stevenage 4NCL Easter op U1825"]
[Site "Stevenage"]
[Date "2019.04.19"]
[Round "1.7"]
[White "Pride, Stephen C"]
[Black "Ratnesan, Radha"]
[Result "1/2-1/2"]
[WhiteElo "1610"]
[BlackElo "1418"]
[PlyCount "61"]
[EventDate "2019.04.19"]
[EventType "swiss"]
[EventRounds "7"]
[EventCountry "ENG"]
[SourceTitle "EXT 2023"]
[Source "ChessBase"]
[SourceDate "2022.10.05"]
[SourceVersion "1"]
[SourceVersionDate "2022.10.05"]
[SourceQuality "1"]

1. Nc3 Nf6 2. Nf3 e6 3. b3 b6 4. Bb2 Bb7 5. e3 d5 6. a3 Nbd7 7. Be2 c5 8. 0-0 Be7 9. d3 0-0 10. Re1 Rc8 11. Bf1 a6 12. e4 d4 13. Ne2 Bd6 14. Bc1 Qc7 15. Bg5 h6 16. Bh4 b5 17. Bg3 Bxg3 18. Nxg3 Rfe8 19. Qd2 Nb8 20. Be2 Nc6 21. Rf1 Ne7 22. h3 Ng6 23. Nh2 Nf4 24. Bf3 a5 25. Ne2 Nxe2+ 26. Bxe2 a4 27. f4 axb3 28. cxb3 Ra8 29. Nf3 Ra7 30. Ra2 Rea8 31. Rfa1 1/2-1/2

[Event "BCF-ch U12"]
[Site "Hull"]
[Date "2018.08.03"]
[Round "6"]
[White "Lv, Jason"]
[Black "Ratnesan, Radha"]
[Result "1/2-1/2"]
[WhiteElo "1405"]
[BlackElo "1295"]
[PlyCount "41"]
[EventDate "2018.07.29"]
[EventType "swiss"]
[EventRounds "7"]
[EventCountry "ENG"]
[SourceTitle "CBM 186 Extra"]
[Source "ChessBase"]
[SourceDate "2018.08.24"]
[SourceVersion "1"]
[SourceVersionDate "2018.08.24"]
[SourceQuality "1"]

1. d4 Nf6 2. c4 e6 3. Nc3 Bb4 4. Bg5 b6 5. Nf3 Bb7 6. e3 0-0 7. Bd3 d5 8. cxd5 exd5 9. 0-0 h6 10. Bxf6 Qxf6 11. Qb3 Bxc3 12. Qxc3 c6 13. Rac1 Rc8 14. Qa3 g5 15. Ne5 h5 16. g3 h4 17. h3 Rc7 18. g4 Nd7 19. Nxd7 Rxd7 20. Bf5 Rc7 21. Rc2 1/2-1/2

[Event "GBR-ch U1750 op 105th"]
[Site "Hull"]
[Date "2018.08.01"]
[Round "3"]
[White "Roberts, Neil"]
[Black "Ratnesan, Radha"]
[Result "1-0"]
[WhiteElo "1622"]
[BlackElo "1295"]
[PlyCount "85"]
[EventDate "2018.07.30"]
[EventType "swiss"]
[EventRounds "5"]
[EventCountry "ENG"]
[SourceTitle "EXT 2021"]
[Source "ChessBase"]
[SourceDate "2020.10.23"]
[SourceVersion "1"]
[SourceVersionDate "2020.10.23"]
[SourceQuality "1"]

1. d4 Nf6 2. Bf4 e6 3. e3 b6 4. Nf3 Bb7 5. Nbd2 d5 6. Bd3 Be7 7. c3 Nbd7 8. Qe2 c5 9. h3 Ne4 10. Ne5 Ndf6 11. Bb5+ Kf8 12. Nxe4 dxe4 13. dxc5 Bxc5 14. Rd1 Qe7 15. Bg5 a6 16. Rd7 Qe8 17. Rxf7+ Qxf7 18. Nxf7 Kxf7 19. Ba4 Rad8 20. 0-0 h6 21. Bxf6 gxf6 22. Rd1 b5 23. Rxd8 Rxd8 24. Qh5+ Kg8 25. Qg6+ Kf8 26. Qxf6+ Ke8 27. Qxe6+ Kf8 28. Qf5+ Ke7 29. Qxc5+ Ke8 30. Qe5+ Kf8 31. Qf6+ Ke8 32. Qe6+ Kf8 33. Qxh6+ Ke8 34. Qh8+ Kd7 35. Qxd8+ Kxd8 36. Bc2 Ke7 37. g4 Kf6 38. Kg2 Kg5 39. Kg3 Bd5 40. h4+ Kg6 41. Kf4 Bc6 42. Bxe4+ Bxe4 43. Kxe4 1-0

[Event "GBR-ch U1750 op 105th"]
[Site "Hull"]
[Date "2018.07.31"]
[Round "2"]
[White "Fowler, David J"]
[Black "Ratnesan, Radha"]
[Result "1-0"]
[WhiteElo "1650"]
[BlackElo "1295"]
[PlyCount "105"]
[EventDate "2018.07.30"]
[EventType "swiss"]
[EventRounds "5"]
[EventCountry "ENG"]
[SourceTitle "EXT 2021"]
[Source "ChessBase"]
[SourceDate "2020.10.23"]
[SourceVersion "1"]
[SourceVersionDate "2020.10.23"]
[SourceQuality "1"]

1. e4 e6 2. d4 d5 3. exd5 exd5 4. Bd3 Bd6 5. Nf3 Nc6 6. c3 Nge7 7. 0-0 Bg4 8. h3 Bh5 9. Bg5 f6 10. Bh4 Qd7 11. Nbd2 g5 12. Bg3 Bxg3 13. fxg3 0-0-0 14. Qc2 Bg6 15. Rae1 Qd6 16. g4 Qg3 17. Re6 Bxd3 18. Qxd3 Ng6 19. Ne5 Qxd3 20. Nxd3 Rde8 21. Rfxf6 Rxe6 22. Rxe6 Rf8 23. Nf3 Nf4 24. Nxf4 gxf4 25. Ne5 Nxe5 26. Rxe5 c6 27. Kf2 Kd7 28. Kf3 Rf7 29. h4 h6 30. Rf5 Re7 31. Kxf4 Re2 32. Kg3 Rxb2 33. g5 hxg5 34. hxg5 Re2 35. Re5 Rxe5 36. dxe5 Ke6 37. Kf4 c5 38. g6 d4 39. cxd4 cxd4 40. Ke4 d3 41. Kxd3 b5 42. Kc3 a5 43. Kd4 b4 44. Kc4 Ke7 45. Kb5 Kf8 46. Kxa5 Kg7 47. Kxb4 Kxg6 48. Kc5 Kf7 49. Kd6 Kf8 50. Kd7 Kf7 51. e6+ Kf8 52. e7+ Kf7 53. e8Q+ 1-0

[Event "BCF-ch U12"]
[Site "Hull"]
[Date "2018.07.29"]
[Round "1"]
[White "Ratnesan, Radha"]
[Black "Hirst, Joe"]
[Result "0-1"]
[WhiteElo "1295"]
[BlackElo "1532"]
[PlyCount "74"]
[EventDate "2018.07.29"]
[EventType "swiss"]
[EventRounds "7"]
[EventCountry "ENG"]
[SourceTitle "CBM 186 Extra"]
[Source "ChessBase"]
[SourceDate "2018.08.24"]
[SourceVersion "1"]
[SourceVersionDate "2018.08.24"]
[SourceQuality "1"]

1. d4 Nf6 2. c4 g6 3. Nc3 Bg7 4. e4 d6 5. Nf3 0-0 6. Bf4 Nbd7 7. Bd3 c6 8. 0-0 Nh5 9. Be3 e5 10. d5 Qe7 11. Qd2 f5 12. Bg5 Ndf6 13. b4 fxe4 14. Bxe4 Bd7 15. Rad1 Rad8 16. Nh4 Nf4 17. Bxf4 exf4 18. dxc6 Nxe4 19. Nxg6 hxg6 20. Nxe4 Bxc6 21. Nxd6 Be5 22. c5 f3 23. g3 Qe6 24. Qh6 Bxd6 25. cxd6 Rxd6 26. Rxd6 Qxd6 27. a3 Qd3 28. Re1 Rd8 29. h3 Qd6 30. Kh2 a6 31. Kg1 Re8 32. Rc1 Re2 33. Kf1 Qd3 34. Kg1 Rxf2 35. Qf4 Rg2+ 36. Kh1 Qe2 37. Qb8+ Be8 0-1

[Event "BCF-ch U11"]
[Site "Hull"]
[Date "2018.07.28"]
[Round "5"]
[White "Chung, Ethan Cheung Jing"]
[Black "Ratnesan, Radha"]
[Result "1-0"]
[WhiteElo "152"]
[BlackElo "115"]
[PlyCount "45"]
[EventDate "2018.07.27"]
[EventType "swiss"]
[EventRounds "6"]
[EventCountry "ENG"]
[SourceTitle "CBM 186 Extra"]
[Source "ChessBase"]
[SourceDate "2018.08.24"]
[SourceVersion "1"]
[SourceVersionDate "2018.08.24"]
[SourceQuality "1"]

1. e4 e6 2. d4 d5 3. e5 c5 4. c3 Nc6 5. Be3 Bd7 6. Nf3 Qb6 7. Qd2 cxd4 8. cxd4 Nh6 9. Be2 Nf5 10. 0-0 Be7 11. Nc3 f6 12. Bd3 Nxe3 13. Qxe3 Qxb2 14. Rab1 Qa3 15. Rxb7 Qa5 16. exf6 Bxf6 17. Rb5 Qd8 18. Rxd5 Nb4 19. Rh5 h6 20. Bg6+ Ke7 21. a3 Nc6 22. d5 Na5 23. Qc5# 1-0

[Event "Basingstoke Spring Bank op U1825"]
[Site "Basingstoke"]
[Date "2018.05.28"]
[Round "6.9"]
[White "Ratnesan, Radha"]
[Black "Doherty, Paul D"]
[Result "0-1"]
[WhiteElo "1222"]
[BlackElo "1674"]
[PlyCount "138"]
[EventDate "2018.05.25"]
[EventType "swiss"]
[EventRounds "7"]
[EventCountry "ENG"]
[SourceTitle "EXT 2023"]
[Source "ChessBase"]
[SourceDate "2022.10.05"]
[SourceVersion "1"]
[SourceVersionDate "2022.10.05"]
[SourceQuality "1"]

1. d4 e6 2. c4 f5 3. Nc3 Nf6 4. Bg5 Bb4 5. Qc2 Bxc3+ 6. Qxc3 0-0 7. Nf3 Qe8 8. Bxf6 Rxf6 9. g3 d6 10. Bg2 Nd7 11. 0-0 Rh6 12. e3 Qh5 13. h4 Nf6 14. Rad1 Ne4 15. Qc2 g5 16. Rfe1 c6 17. Qe2 gxh4 18. Nxh4 Qg5 19. Kh2 Bd7 20. Rh1 Be8 21. Kg1 Bh5 22. Nf3 Qg7 23. Qc2 Rf8 24. Nh4 Bxd1 25. Qxd1 Qg5 26. d5 e5 27. dxc6 bxc6 28. Bxe4 fxe4 29. Qe2 Rhf6 30. Rh2 R6f7 31. b3 Rb7 32. Qd2 Rd8 33. Qc2 d5 34. cxd5 cxd5 35. Qc6 Rb6 36. Qc7 Rbd6 37. Qxa7 d4 38. exd4 Rxd4 39. Qb7 e3 40. Nf3 Rd1+ 41. Kg2 Qg7 42. Qxg7+ Kxg7 43. fxe3 e4 44. Ng5 R8d2+ 45. Kh3 Rxh2+ 46. Kxh2 Rd2+ 47. Kh3 Rxa2 48. Nxe4 Re2 49. Nc5 Rxe3 50. b4 Kf7 51. Na6 Re6 52. b5 Rb6 53. Nc7 Rb7 54. b6 Rxb6 55. Nd5 Rd6 56. Nf4 Kf6 57. Nh5+ Kg5 58. Nf4 h5 59. Kh2 Kg4 60. Kg2 Rd2+ 61. Kf1 h4 62. Ne2 hxg3 63. Ke1 Ra2 64. Kf1 g2+ 65. Kxg2 Rxe2+ 66. Kf1 Kf3 67. Kg1 Ra2 68. Kh1 Kg3 69. Kg1 Ra1# 0-1

[Event "Basingstoke Spring Bank op U1825"]
[Site "Basingstoke"]
[Date "2018.05.27"]
[Round "5.15"]
[White "Sartain, Patrick"]
[Black "Ratnesan, Radha"]
[Result "0-1"]
[WhiteElo "1541"]
[BlackElo "1222"]
[PlyCount "114"]
[EventDate "2018.05.25"]
[EventType "swiss"]
[EventRounds "7"]
[EventCountry "ENG"]
[SourceTitle "EXT 2023"]
[Source "ChessBase"]
[SourceDate "2022.10.05"]
[SourceVersion "1"]
[SourceVersionDate "2022.10.05"]
[SourceQuality "1"]

1. e4 e5 2. Nf3 Nc6 3. Bc4 Bc5 4. c3 Nf6 5. b4 Bb6 6. d3 h6 7. h3 d5 8. exd5 Nxd5 9. a4 a5 10. b5 Nce7 11. 0-0 Qd6 12. Re1 0-0 13. Nxe5 Qf6 14. d4 Bf5 15. Bd3 Bxd3 16. Qxd3 Rad8 17. Ng4 Qg6 18. Qg3 h5 19. Ne5 Qxg3 20. fxg3 Nxc3 21. Be3 Nxb1 22. Raxb1 Bxd4 23. Bxd4 Rxd4 24. Rbc1 Rc8 25. Nc4 Nf5 26. Nb6 Rb8 27. Rxc7 Nxg3 28. Ree7 h4 29. Re1 Rd2 30. Rce7 Rc2 31. Nd7 Rbc8 32. Re8+ Rxe8 33. Rxe8+ Kh7 34. Re1 Ne2+ 35. Kh1 Ng3+ 36. Kh2 Rd2 37. Nb6 f5 38. Rc1 f4 39. Nd5 f3 40. Ne3 Re2 41. Rc4 g5 42. Rc7+ Kg6 43. Rxb7 Rxe3 44. gxf3 Ra3 45. Rb6+ Kf5 46. Rc6 Rxa4 47. Rc5+ Kf4 48. b6 Rb4 49. Rc6 a4 50. Rf6+ Ke5 51. Rg6 Kf5 52. Rc6 Rb5 53. Kg1 a3 54. Kf2 a2 55. b7 a1Q 56. Rc5+ Rxc5 57. b8Q Qd4+ 0-1

[Event "Basingstoke Spring Bank op U1825"]
[Site "Basingstoke"]
[Date "2018.05.26"]
[Round "2.17"]
[White "Ratnesan, Radha"]
[Black "Maladkar, Lavanya"]
[Result "0-1"]
[WhiteElo "1222"]
[BlackElo "1562"]
[PlyCount "90"]
[EventDate "2018.05.25"]
[EventType "swiss"]
[EventRounds "7"]
[EventCountry "ENG"]
[SourceTitle "EXT 2023"]
[Source "ChessBase"]
[SourceDate "2022.10.05"]
[SourceVersion "1"]
[SourceVersionDate "2022.10.05"]
[SourceQuality "1"]

1. d4 Nf6 2. c4 c6 3. Bf4 d5 4. e3 e6 5. a3 b6 6. Nf3 Nbd7 7. Nc3 a6 8. b4 dxc4 9. Bxc4 Nd5 10. Nxd5 cxd5 11. Bd3 Bb7 12. Rc1 Rc8 13. 0-0 Be7 14. Qe2 b5 15. Qd2 Nb6 16. Rxc8 Qxc8 17. Rc1 Nc4 18. Qc2 h6 19. Nd2 0-0 20. Nxc4 bxc4 21. Bh7+ Kh8 22. h3 Qe8 23. Be5 f5 24. Bxf5 Rxf5 25. g4 Rf8 26. Kh2 Qf7 27. f4 Rd8 28. Rf1 Bc8 29. Qe2 Bf6 30. g5 hxg5 31. fxg5 Bxe5+ 32. dxe5 Qg6 33. h4 Kg8 34. Qg4 c3 35. h5 Qc2+ 36. Kg1 Qe4 37. Qg3 c2 38. h6 Rf8 39. Rxf8+ Kxf8 40. Qf2+ Kg8 41. Qf1 Qxe3+ 42. Kh1 c1Q 43. Qxc1 Qxc1+ 44. Kg2 Qxg5+ 45. Kf2 gxh6 0-1